<?xml version="1.0" encoding="UTF-8"?>
<record
    xmlns:xsi="http://www.w3.org/2001/XMLSchema-instance"
    xsi:schemaLocation="http://www.loc.gov/MARC21/slim http://www.loc.gov/standards/marcxml/schema/MARC21slim.xsd"
    xmlns="http://www.loc.gov/MARC21/slim">

  <leader>01449nab a2200241 i 4500</leader>
  <controlfield tag="001">BPP</controlfield>
  <controlfield tag="003">BPK</controlfield>
  <controlfield tag="005">20190610114405.0</controlfield>
  <controlfield tag="008">140425s1983    pl     f     |000 0 pol</controlfield>
  <datafield tag="040" ind1=" " ind2=" ">
    <subfield code="c">BPK</subfield>
  </datafield>
  <datafield tag="080" ind1=" " ind2=" ">
    <subfield code="a">621.921</subfield>
  </datafield>
  <datafield tag="080" ind1=" " ind2=" ">
    <subfield code="a">666</subfield>
  </datafield>
  <datafield tag="100" ind1=" " ind2=" ">
    <subfield code="a">WO&#x179;NIAK, Kazimierz.</subfield>
    <subfield code="d">1980 - 1989.</subfield>
    <subfield code="b">Wy&#x17C;sza Szko&#x142;a In&#x17C;ynierska w Koszalinie - Instytut In&#x17C;ynierii Materia&#x142;owej,</subfield>
    <subfield code="c">Zak&#x142;ad Chemii Fizycznej</subfield>
  </datafield>
  <datafield tag="245" ind1=" " ind2=" ">
    <subfield code="a">Podstawy technologii wytwarzania &#x15B;ciernic ceramicznych pracuj&#x105;cych z podwy&#x17C;szonymi pr&#x119;dko&#x15B;ciami obwodowymi /</subfield>
    <subfield code="c">Kazimierz Wo&#x17A;niak, Daniela Herman.</subfield>
  </datafield>
  <datafield tag="260" ind1=" " ind2=" ">
    <subfield code="c">1983.</subfield>
  </datafield>
  <datafield tag="500" ind1=" " ind2=" ">
    <subfield code="a">Dane z autopsji.</subfield>
  </datafield>
  <datafield tag="520" ind1=" " ind2=" ">
    <subfield code="a">W artykule om&#xF3;wiono napr&#x119;&#x17C;enia w pracuj&#x105;cych &#x15B;ciernicach, a pr&#x119;dko&#x15B;&#x107; obwodowa. Przeprowadzono analiz&#x119; kryteri&#xF3;w doboru spoiw ceramicznych do w&#x119;glika krzemu i elektrokorund&#xF3;w. Przedstawiono wp&#x142;yw sk&#x142;adu tlenkowego i surowcowego spoiw na mikrotwardo&#x15B;&#x107; i wytrzyma&#x142;o&#x15B;&#x107; mechaniczn&#x105;. Om&#xF3;wiono reaktywno&#x15B;&#x107; spoiw w stosunku do materia&#x142;&#xF3;w &#x15B;ciernych oraz spoiwa dewitryfikacyjne. Przeanalizowano parametry obr&#xF3;bki termicznej, a krystalizacja spoiw i ich wytrzyma&#x142;o&#x15B;&#x107; mechaniczna.</subfield>
  </datafield>
  <datafield tag="650" ind1=" " ind2="0">
    <subfield code="a">Ceramika.</subfield>
  </datafield>
  <datafield tag="650" ind1=" " ind2="0">
    <subfield code="a">&#x15A;ciernica</subfield>
  </datafield>
  <datafield tag="700" ind1=" " ind2=" ">
    <subfield code="a">HERMAN, Daniela.</subfield>
    <subfield code="d">1974 - 1996.</subfield>
    <subfield code="b">Wy&#x17C;sza Szko&#x142;a In&#x17C;ynierska w Koszalinie - Instytut In&#x17C;ynierii Materia&#x142;owej, </subfield>
    <subfield code="c">Zak&#x142;ad Chemii Fizycznej</subfield>
  </datafield>
  <datafield tag="773" ind1=" " ind2=" ">
    <subfield code="i">W :</subfield>
    <subfield code="t">Szk&#x142;o i Ceramika. -</subfield>
    <subfield code="g">1983, R. 34, nr 1, s. 28-34</subfield>
  </datafield>
  <datafield tag="942" ind1=" " ind2=" ">
    <subfield code="c">ART</subfield>
    <subfield code="2">UKD</subfield>
  </datafield>
  <datafield tag="999" ind1=" " ind2=" ">
    <subfield code="c">3191</subfield>
    <subfield code="d">3191</subfield>
  </datafield>
  <datafield tag="952" ind1=" " ind2=" ">
    <subfield code="0">0</subfield>
    <subfield code="1">0</subfield>
    <subfield code="4">0</subfield>
    <subfield code="7">0</subfield>
    <subfield code="a">BPK</subfield>
    <subfield code="b">BPK</subfield>
    <subfield code="o">0312</subfield>
    <subfield code="y">ART</subfield>
  </datafield>
</record>
